000 00726cam a2200277 4500500
005 20260405003516.0
041 _afre
042 _adc
100 1 0 _aDurand, Jean-Marie
_eauthor
245 0 0 _aHistoire du repos
260 _c2022.
500 _a16
690 _aAlain Corbin
690 _aBurn-Out
690 _achristianisme
690 _aDétente
690 _aHistoire
690 _aIndustrie
690 _aMarx
690 _aparesse
690 _aRepos
690 _aSurmenage
690 _aTravail
786 0 _nPhilosophie magazine | 159 | 5 | 2022-05-01 | p. 56-57 | 1951-1787
856 4 1 _uhttps://shs.cairn.info/magazine-philosophie-magazine-2022-5-page-56?lang=fr&redirect-ssocas=7080
999 _c2068215
_d2068215